Teorie práva
Salvato in:
| Autore principale: | |
|---|---|
| Natura: | Libro |
| Lingua: | ceco |
| Pubblicazione: |
Plzeň
Vydavatelství a nakladatelství Aleš Čeněk
2009
|
| Edizione: | 5. uprav. vyd. |
| Serie: | Právnické učebnice
|
| Soggetti: | |
| Tags: |
Nessun Tag, puoi essere il primo ad aggiungerne!!
|
MARC
| LEADER | 00000nam a2200000 4500 | ||
|---|---|---|---|
| 001 | 0172006 | ||
| 005 | 20240226134338.7 | ||
| 020 | |a 978-80-7380-233-2 | ||
| 041 | 0 | |a cze | |
| 044 | |a CZ | ||
| 245 | 1 | 0 | |a Teorie práva |c Aleš Gerloch |
| 250 | |a 5. uprav. vyd. | ||
| 264 | 1 | |a Plzeň |b Vydavatelství a nakladatelství Aleš Čeněk |c 2009 | |
| 300 | |a 308 s. | ||
| 490 | 1 | |a Právnické učebnice | |
| 830 | 0 | |a Právnické učebnice | |
| 610 | 2 | 0 | |a právo |
| 610 | 2 | 0 | |a teórie právne |
| 610 | 2 | 0 | |a normy právne |
| 610 | 2 | 0 | |a vzťahy právne |
| 610 | 2 | 0 | |a zodpovednosť právna |
| 610 | 2 | 0 | |a štát právny |
| 100 | 1 | |a Gerloch, Aleš | |